[Event "?"]
[Site "?"]
[Date "????.??.??"]
[Round "?"]
[White "Sollid, S."]
[Black "Schwertel, J."]
[Result "1-0"]
[WhiteElo "2019"]
[BlackElo "2010"]
[Annotator "093"]
[PlyCount "92"]
[EventDate "2013.??.??"]
[WhiteTeam "Norwegen 2"]
[BlackTeam "Rheno Palatinat"]

1. e4 c6 2. d4 d5 3. exd5 cxd5 4. c4 e6 5. Nc3 Nf6 6. Nf3 Nc6 7. c5 Be7 8. Bb5
O-O 9. O-O Bd7 10. Re1 a6 11. Bxc6 Bxc6 12. Ne5 Be8 13. Bf4 Nd7 14. b4 Nxe5 15.
Bxe5 Bd7 16. Rb1 Bf6 17. a4 Bxe5 18. Rxe5 h6 19. Qe2 Qc7 20. Qe3 b5 21. a5 Qc6
22. Rb3 Rae8 23. Ne2 f6 24. Rh5 Re7 25. Qg3 e5 26. dxe5 fxe5 27. Rxe5 Qf6 28.
Rbe3 Rxe5 29. Rxe5 Re8 30. Rxe8+ Bxe8 31. Qc3 Qf5 32. h3 Qe4 33. Qe3 Qb1+ 34.
Kh2 Bd7 35. Qd4 Bc6 36. g4 Kh7 37. Nf4 Qc2 38. Qd3+ Qxd3 39. Nxd3 g5 40. Kg3 d4
41. Ne5 Be4 42. c6 Kg7 43. f3 Bd5 44. c7 Bb7 45. Nc6 Kf6 46. Kf2 Ke6 1-0

[Event "?"]
[Site "?"]
[Date "????.??.??"]
[Round "?"]
[White "Melkeraaen, T."]
[Black "Pusch, H."]
[Result "1-0"]
[WhiteElo "1950"]
[BlackElo "2139"]
[Annotator "095"]
[PlyCount "69"]
[EventDate "2013.??.??"]
[WhiteTeam "Norwegen 2"]
[BlackTeam "Rheno Palatinat"]

1. d4 Nf6 2. c4 g6 3. Nc3 d5 4. cxd5 Nxd5 5. e3 Bg7 6. Bc4 Nxc3 7. bxc3 O-O 8.
Nf3 Bg4 9. h3 Bxf3 10. Qxf3 c6 11. O-O Nd7 12. a4 Bf6 13. e4 e5 14. Bh6 Bg7 15.
Bxg7 Kxg7 16. Rfd1 Qe7 17. Qe3 Rad8 18. a5 Nf6 19. d5 c5 20. Bb5 Ne8 21. Bxe8
Rfxe8 22. c4 f5 23. g3 f4 24. gxf4 exf4 25. Qc3+ Kg8 26. Re1 Qh4 27. Qf3 Re5
28. Re2 h5 29. Rb1 g5 30. Rxb7 Rde8 31. d6 R5e6 32. e5 g4 33. Qxf4 Rf8 34. Qe4
Qxh3 35. Qh7# 1-0

[Event "?"]
[Site "?"]
[Date "????.??.??"]
[Round "?"]
[White "Nagorni, W."]
[Black "Dahl, I."]
[Result "1/2-1/2"]
[WhiteElo "2061"]
[BlackElo "2209"]
[Annotator "097"]
[PlyCount "20"]
[EventDate "2013.??.??"]
[WhiteTeam "Widukind 2"]
[BlackTeam "Blindern Oldtimers"]

1. Nf3 e6 2. d4 Nf6 3. c4 Bb4+ 4. Bd2 Qe7 5. g3 O-O 6. Bg2 Bxd2+ 7. Qxd2 d6 8.
O-O Ne4 9. Qc2 f5 10. Nc3 Nxc3 1/2-1/2

[Event "?"]
[Site "?"]
[Date "????.??.??"]
[Round "?"]
[White "Nordby, B."]
[Black "Perk, E."]
[Result "1-0"]
[WhiteElo "2097"]
[BlackElo "2008"]
[Annotator "098"]
[PlyCount "119"]
[EventDate "2013.??.??"]
[WhiteTeam "Blindern Oldtimers"]
[BlackTeam "Widukind 2"]

1. d4 Nf6 2. Nf3 g6 3. c4 Bg7 4. Nc3 d6 5. e4 c6 6. Be2 O-O 7. O-O Qc7 8. Qc2
e5 9. Rd1 Bg4 10. Be3 Bxf3 11. Bxf3 Nbd7 12. Be2 a6 13. dxe5 dxe5 14. c5 Rfe8
15. f3 Nf8 16. Bc4 Ne6 17. Bxe6 Rxe6 18. Rd2 Rd8 19. Rxd8+ Qxd8 20. Rd1 Qc7 21.
Na4 Qa5 22. a3 h6 23. b4 Qc7 24. Nb6 Kh7 25. Qd2 Re7 26. Qd6 Ne8 27. Qd8 Qxd8
28. Rxd8 Nc7 29. Rb8 Nb5 30. Bc1 f5 31. Bb2 fxe4 32. fxe4 Nd4 33. Nc4 Rf7 34.
h3 Ne2+ 35. Kh2 Rf1 36. Bxe5 Rf7 37. Bxg7 Kxg7 38. Nd6 Re7 39. Rxb7 Rxb7 40.
Nxb7 Kf6 41. Na5 Nd4 42. Nc4 h5 43. Kg3 g5 44. Kf2 Ne6 45. Na5 Nd4 46. Nc4 Ke6
47. g4 h4 48. Na5 Kd7 49. Nc4 Ke6 50. Ke3 Nb5 51. Kd3 Nc7 52. Na5 Kd7 53. e5
Ne6 54. Ke4 Nf4 55. Kf5 Nxh3 56. e6+ Ke8 57. Nxc6 Nf2 58. Nd4 h3 59. Nf3 h2 60.
Nxh2 1-0

[Event "?"]
[Site "?"]
[Date "????.??.??"]
[Round "?"]
[White "Kluger, H."]
[Black "Mundal, A."]
[Result "1/2-1/2"]
[WhiteElo "1950"]
[BlackElo "1937"]
[Annotator "099"]
[PlyCount "20"]
[EventDate "2013.??.??"]
[WhiteTeam "Widukind 2"]
[BlackTeam "Blindern Oldtimers"]

1. e4 e6 2. d4 b6 3. Bd3 Bb7 4. Ne2 d5 5. Nbc3 Bb4 6. O-O Ne7 7. a3 dxe4 8.
Bxe4 Bxe4 9. Nxe4 Bd6 10. N2c3 O-O 1/2-1/2

[Event "?"]
[Site "?"]
[Date "????.??.??"]
[Round "?"]
[White "Lerstad, B."]
[Black "Hentzschel, E."]
[Result "1/2-1/2"]
[WhiteElo "1918"]
[BlackElo "1903"]
[Annotator "100"]
[PlyCount "28"]
[EventDate "2013.??.??"]
[WhiteTeam "Blindern Oldtimers"]
[BlackTeam "Widukind 2"]

1. e4 e5 2. Nf3 Nf6 3. Nxe5 d6 4. Nf3 Nxe4 5. d4 Nf6 6. Be2 Be7 7. O-O O-O 8.
c4 c6 9. Nc3 d5 10. b3 Re8 11. Bb2 Bg4 12. h3 Bf5 13. Bd3 Bxd3 14. Qxd3 Bd6
1/2-1/2

[Event "?"]
[Site "?"]
[Date "????.??.??"]
[Round "?"]
[White "Giulian, P."]
[Black "Peltola, L."]
[Result "1/2-1/2"]
[WhiteElo "2230"]
[BlackElo "2006"]
[Annotator "101"]
[PlyCount "68"]
[EventDate "2013.??.??"]
[WhiteTeam "Schottland"]
[BlackTeam "Helsinki"]

1. d4 Nf6 2. c4 e6 3. Nf3 b6 4. g3 Bb7 5. Bg2 Bb4+ 6. Bd2 a5 7. O-O O-O 8. Nc3
d6 9. b3 Nbd7 10. a3 Bxc3 11. Bxc3 Ne4 12. Bb2 f5 13. Nd2 Ndf6 14. Nxe4 Bxe4
15. Bxe4 Nxe4 16. Qd3 Qg5 17. Kg2 Qd2 18. Bc1 Qxd3 19. exd3 Nf6 20. Re1 Kf7 21.
Bb2 a4 22. b4 b5 23. Rac1 Rab8 24. Re2 Rfc8 25. Rce1 Re8 26. h3 g6 27. f3 c6
28. Kf2 Rbc8 29. g4 Nd7 30. Rc2 d5 31. cxb5 cxb5 32. Rec1 Rxc2+ 33. Rxc2 Rb8
34. Kg3 g5 1/2-1/2

[Event "?"]
[Site "?"]
[Date "????.??.??"]
[Round "?"]
[White "Marks, I."]
[Black "Patola, E."]
[Result "0-1"]
[WhiteElo "1981"]
[BlackElo "1947"]
[Annotator "103"]
[PlyCount "138"]
[EventDate "2013.??.??"]
[WhiteTeam "Schottland"]
[BlackTeam "Helsinki"]

1. e4 d5 2. exd5 Qxd5 3. Nc3 Qa5 4. d4 Nf6 5. Bc4 Bf5 6. Bd2 c6 7. Nd5 Qd8 8.
Nxf6+ exf6 9. c3 Bd6 10. Ne2 O-O 11. O-O Nd7 12. Bf4 Nb6 13. Bb3 Re8 14. Qd2
Rxe2 15. Qxe2 Bxf4 16. Qf3 Qc7 17. g3 Bh3 18. Rfe1 Bd6 19. c4 Bb4 20. Re3 Qd7
21. a3 Bg4 22. Qg2 Bd2 23. Rd3 Bh6 24. d5 Re8 25. c5 Nxd5 26. Bxd5 cxd5 27.
Qxd5 Qxd5 28. Rxd5 Be6 29. Rd6 g6 30. Rad1 Kg7 31. c6 bxc6 32. Rxc6 a5 33. b4
axb4 34. axb4 Rb8 35. Rb1 Bd7 36. Rc7 Be8 37. Rc5 Bb5 38. Rb2 f5 39. Ra2 f4 40.
g4 Kg8 41. Ra5 Be2 42. b5 Bf8 43. Re5 Bxg4 44. Ra6 Bf3 45. b6 Bd6 46. Re1 Bc5
47. Rb1 Kg7 48. Kf1 Be4 49. Rb3 Bd5 50. Rc3 Bxb6 51. Ra4 g5 52. Rb4 Ba5 53.
Rxb8 Bxc3 54. Rc8 Bf6 55. Ke2 h5 56. Rc5 Be6 57. Kf3 Kg6 58. Ra5 Bg7 59. Ra6
Kf5 60. Ra5+ Be5 61. h3 g4+ 62. hxg4+ hxg4+ 63. Kg2 Ke4 64. Ra4+ Bd4 65. Rb4 f5
66. Ra4 Bd5 67. Rb4 Kd3+ 68. Kf1 g3 69. fxg3 fxg3 0-1

[Event "?"]
[Site "?"]
[Date "????.??.??"]
[Round "?"]
[White "Lyly, S."]
[Black "Dawson, A."]
[Result "1-0"]
[WhiteElo "1893"]
[BlackElo "1900"]
[Annotator "104"]
[PlyCount "129"]
[EventDate "2013.??.??"]
[WhiteTeam "Helsinki"]
[BlackTeam "Schottland"]

1. e4 c5 2. c3 g6 3. Nf3 Bg7 4. Bc4 e6 5. O-O a6 6. a4 Qc7 7. Re1 Nc6 8. Bf1 e5
9. Na3 d6 10. Nc4 Nge7 11. Ne3 O-O 12. Bc4 Na5 13. Nd5 Nxd5 14. Bxd5 c4 15. h3
h6 16. Qe2 Rb8 17. d3 Nb3 18. Ra3 Nxc1 19. Rxc1 cxd3 20. Qxd3 Kh7 21. Rd1 f5
22. c4 a5 23. Qe2 Qc5 24. Qe3 Qb4 25. Qc3 Bd7 26. Qxb4 axb4 27. Raa1 b6 28. b3
Rbd8 29. a5 bxa5 30. Rxa5 fxe4 31. Bxe4 Rf4 32. Rxd6 Bf8 33. Bxg6+ Kg7 34. Rd2
Rxf3 35. gxf3 Kxg6 36. Rad5 Kf6 37. Rxd7 Ra8 38. Kg2 Bc5 39. Rc7 Bd4 40. c5 Ra3
41. Rd3 Ra2 42. c6 Rxf2+ 43. Kg3 Rc2 44. Rb7 Rxc6 45. Rxb4 Kf5 46. Rbxd4 exd4
47. Rxd4 Rc1 48. Rc4 Rg1+ 49. Kf2 Rb1 50. b4 Rb3 51. h4 Rb2+ 52. Kg3 Rb1 53.
Rc5+ Kf6 54. b5 Rg1+ 55. Kf4 Rb1 56. Rc6+ Kg7 57. b6 Rb4+ 58. Kg3 Kh7 59. h5
Kg7 60. Rc7+ Kf6 61. b7 Ke6 62. Rh7 Kf5 63. Rg7 Rb6 64. Rc7 Rb5 65. Rc5+ 1-0

[Event "?"]
[Site "?"]
[Date "????.??.??"]
[Round "?"]
[White "Welz, P."]
[Black "Eichner, C."]
[Result "1/2-1/2"]
[WhiteElo "2149"]
[BlackElo "2086"]
[Annotator "105"]
[PlyCount "247"]
[EventDate "2013.??.??"]
[WhiteTeam "BSW/DBAG 3"]
[BlackTeam "SV TUR Dresden"]

1. e4 e5 2. Nf3 Nc6 3. d4 exd4 4. Nxd4 Bc5 5. Nb3 Bb6 6. a4 a6 7. Nc3 Nf6 8.
Bg5 h6 9. Bh4 d6 10. Bd3 g5 11. Bg3 Qe7 12. a5 Ba7 13. O-O Bg4 14. Qd2 O-O-O
15. Nd5 Qe6 16. Nxf6 Qxf6 17. Kh1 h5 18. f4 h4 19. Bf2 h3 20. Bxa7 hxg2+ 21.
Qxg2 Bh3 22. Qg1 Bxf1 23. Rxf1 Nxa7 24. Qxa7 gxf4 25. Qf2 Rh4 26. Nd2 Rdh8 27.
Nf3 R4h5 28. b4 Qb2 29. b5 axb5 30. Qa7 Qa3 31. e5 c6 32. exd6 Qxd6 33. a6 Qb8
34. Qb6 Qc7 35. Bf5+ Rxf5 36. a7 Rxh2+ 37. Nxh2 Qxb6 38. a8=Q+ Kc7 39. Re1 Qc5
40. Qa5+ Kd7 41. Qd2+ Qd5+ 42. Qxd5+ Rxd5 43. Nf3 Kd6 44. Kg2 b4 45. Re4 Rc5
46. Rd4+ Ke6 47. Rd2 Kf5 48. Kf2 Rc3 49. Nd4+ Kg4 50. Ne2 Rh3 51. Rd4 Rf3+ 52.
Ke1 c5 53. Rd7 Re3 54. Kd2 b3 55. Rxf7 Re4 56. cxb3 f3 57. Rg7+ Kh4 58. Nc3 Rb4
59. Kc2 f2 60. Rf7 Kg3 61. Nd1 c4 62. Rxf2 Rxb3 63. Rf7 b5 64. Nc3 b4 65. Ne2+
Kg2 66. Rf4 Re3 67. Nc1 b3+ 68. Kb2 c3+ 69. Kxb3 Kg3 70. Rf8 Rf3 71. Rg8+ Kf2
72. Na2 Rg3 73. Rd8 Rg7 74. Nxc3 Ke3 75. Rd6 Rb7+ 76. Kc2 Rc7 77. Rd3+ Kf2 78.
Kd2 Re7 79. Nd1+ Kg2 80. Ne3+ Kf2 81. Ng4+ Kg2 82. Rd5 Re8 83. Rf5 Ra8 84. Ne3+
Kg3 85. Rf7 Ra2+ 86. Kd3 Ra3+ 87. Kd4 Ra4+ 88. Nc4 Ra8 89. Ke4 Ra4 90. Rf3+ Kg4
91. Rc3 Kg5 92. Ke5 Kg4 93. Ne3+ Kf3 94. Nf5+ Ke2 95. Nd4+ Kf2 96. Rc2+ Kg3 97.
Ke4 Rb4 98. Ke3 Ra4 99. Rc7 Ra3+ 100. Ke4 Ra4 101. Rg7+ Kf2 102. Rf7+ Kg3 103.
Rd7 Kf2 104. Rd8 Kg3 105. Rf8 Rb4 106. Ke3 Kg4 107. Rg8+ Kh5 108. Ke4 Rb1 109.
Nf3 Rb5 110. Kf4 Kh6 111. Ne5 Rb1 112. Kf5 Rf1+ 113. Ke6 Re1 114. Rg3 Ra1 115.
Kf6 Ra6+ 116. Kf5 Ra1 117. Rg2 Rf1+ 118. Ke6 Ra1 119. Nd7 Kh5 120. Nf6+ Kh4
121. Ne4 Kh3 122. Rg8 Ra6+ 123. Kf5 Ra5+ 124. Kf4 1/2-1/2

[Event "?"]
[Site "?"]
[Date "????.??.??"]
[Round "?"]
[White "Schröter, H."]
[Black "Strauss, P."]
[Result "1-0"]
[WhiteElo "2063"]
[BlackElo "1800"]
[Annotator "106"]
[PlyCount "139"]
[EventDate "2013.??.??"]
[WhiteTeam "SV TUR Dresden"]
[BlackTeam "BSW/DBAG 3"]

1. e4 c6 2. Nf3 d5 3. exd5 cxd5 4. d4 Nf6 5. Be2 Nc6 6. O-O g6 7. Bf4 Bg7 8.
Nc3 O-O 9. Re1 a6 10. Ne5 Ne8 11. Bf3 Nc7 12. Rc1 Ne6 13. Nxc6 bxc6 14. Be5
Bxe5 15. Rxe5 Qb6 16. Na4 Qxd4 17. Qxd4 Nxd4 18. Rxe7 Nxf3+ 19. gxf3 Bf5 20. c3
Rfe8 21. Rce1 Kf8 22. Rxe8+ Rxe8 23. Rxe8+ Kxe8 24. Kf1 Ke7 25. Ke2 Kd6 26. b4
Bb1 27. a3 Ba2 28. Ke3 Bc4 29. Kd4 g5 30. Nc5 f6 31. Nb7+ Kc7 32. Na5 Be2 33.
Ke3 Bb5 34. f4 Kd6 35. Nb3 Ba4 36. Nc5 Bb5 37. fxg5 fxg5 38. Kd4 Bf1 39. a4 Be2
40. Ke3 Bf1 41. f4 h6 42. Kf3 Ke7 43. Nb3 Bh3 44. Nd4 Bd7 45. Ke3 gxf4+ 46.
Kxf4 Kf6 47. a5 h5 48. h4 Be8 49. Nb3 Bd7 50. Nc5 Bc8 51. Nd3 Bd7 52. Nc1 Bg4
53. Nd3 Bd7 54. Ne5 Be8 55. c4 dxc4 56. Nxc4 Bf7 57. Nd6 Bd5 58. Nf5 Bb3 59.
Ng3 Bd1 60. Ne4+ Kg6 61. Ke5 Bf3 62. Nc5 Be2 63. Ne6 Bf3 64. Nf4+ Kf7 65. Kf5
Ke7 66. Ke5 Kd7 67. Ne6 Bd5 68. Nc5+ Ke7 69. Nxa6 Kf7 70. Nc5 1-0

[Event "?"]
[Site "?"]
[Date "????.??.??"]
[Round "?"]
[White "Fitzke, U."]
[Black "Seibt, M."]
[Result "1/2-1/2"]
[WhiteElo "2003"]
[BlackElo "2011"]
[Annotator "107"]
[PlyCount "71"]
[EventDate "2013.??.??"]
[WhiteTeam "BSW/DBAG 3"]
[BlackTeam "SV TUR Dresden"]

1. d4 Nf6 2. c4 g6 3. Nc3 Bg7 4. Nf3 d6 5. e3 O-O 6. Bd3 Nbd7 7. O-O c6 8. b3
e5 9. Ba3 c5 10. Qc2 Re8 11. Rad1 a6 12. Rd2 Qe7 13. dxe5 dxe5 14. e4 b6 15.
Re1 Bb7 16. Rde2 Qf8 17. Bb2 Qd6 18. h3 Nh5 19. Bc1 Rad8 20. Bg5 Rc8 21. Nd2 h6
22. Be3 Rcd8 23. Nf1 Nf4 24. Rd2 Qc6 25. Ng3 Ne6 26. Nd5 Nd4 27. Qd1 Nf6 28.
Ne2 Nxd5 29. cxd5 Qd7 30. Bxd4 cxd4 31. f3 f5 32. Ng3 Qd6 33. Nf1 Re7 34. Rde2
Ree8 35. Nd2 Qc5 36. Kh1 1/2-1/2

[Event "?"]
[Site "?"]
[Date "????.??.??"]
[Round "?"]
[White "Muehle, H."]
[Black "Kaiser, H."]
[Result "1-0"]
[WhiteElo "1927"]
[BlackElo "1851"]
[Annotator "108"]
[PlyCount "71"]
[EventDate "2013.??.??"]
[WhiteTeam "SV TUR Dresden"]
[BlackTeam "BSW/DBAG 3"]

1. e4 c5 2. Nf3 Nc6 3. Bb5 d6 4. O-O Bd7 5. c3 a6 6. Bd3 e5 7. Bc2 Bg4 8. d3
Be7 9. Re1 Nf6 10. h3 Bh5 11. Nbd2 b5 12. Bb3 Qc8 13. Nf1 h6 14. Ng3 Bxf3 15.
Qxf3 g6 16. Be3 Na5 17. Bd5 Nxd5 18. exd5 f5 19. b4 Nb7 20. Bd2 f4 21. Bxf4
exf4 22. Qxf4 Qd7 23. Qf6 Rf8 24. Qxg6+ Kd8 25. Re6 Kc7 26. Rae1 Rae8 27. Nf5
Rxf5 28. Qxf5 Nd8 29. bxc5 Nxe6 30. c6 Qd8 31. Qxe6 Qc8 32. Qf7 Kd8 33. a4 Qc7
34. axb5 axb5 35. Ra1 Qb8 36. Qe6 1-0

[Event "?"]
[Site "?"]
[Date "????.??.??"]
[Round "?"]
[White "Werchan, H."]
[Black "Palmo, P."]
[Result "1/2-1/2"]
[WhiteElo "2141"]
[BlackElo "2036"]
[Annotator "109"]
[PlyCount "40"]
[EventDate "2013.??.??"]
[WhiteTeam "Ottonen Magdeburg"]
[BlackTeam "Turku"]

1. Nf3 Nf6 2. c4 e6 3. g3 d5 4. Bg2 dxc4 5. Qa4+ Bd7 6. Qxc4 Bc6 7. O-O Be7 8.
d4 O-O 9. Nc3 a6 10. a4 b5 11. Qd3 b4 12. Nb1 Be4 13. Qd1 Bb7 14. Nbd2 Nbd7 15.
Nb3 Bd5 16. Nfd2 Bxg2 17. Kxg2 c5 18. dxc5 Nxc5 19. Nxc5 Bxc5 20. Nb3 Be7
1/2-1/2

[Event "?"]
[Site "?"]
[Date "????.??.??"]
[Round "?"]
[White "Alkkiomäki, J."]
[Black "Bondick, K."]
[Result "1/2-1/2"]
[WhiteElo "1977"]
[BlackElo "2082"]
[Annotator "110"]
[PlyCount "47"]
[EventDate "2013.??.??"]
[WhiteTeam "Turku"]
[BlackTeam "Ottonen Magdeburg"]

1. e4 e5 2. Nf3 f5 3. d4 fxe4 4. Nxe5 Nf6 5. Be2 d6 6. Nc4 Be7 7. O-O O-O 8. f3
d5 9. Ne5 Nbd7 10. Nc3 exf3 11. Nxf3 b6 12. Ne5 Bb7 13. Bd3 c5 14. Nxd7 Qxd7
15. Bf5 Qc6 16. Be3 Rad8 17. Ne2 Bc8 18. Ng3 g6 19. Bxc8 Qxc8 20. c3 Ng4 21.
Qd2 Bf6 22. Bg5 cxd4 23. Bxf6 Nxf6 24. Qxd4 1/2-1/2

[Event "?"]
[Site "?"]
[Date "????.??.??"]
[Round "?"]
[White "Andreas, G."]
[Black "Ranki, M."]
[Result "1/2-1/2"]
[WhiteElo "2000"]
[BlackElo "1925"]
[Annotator "111"]
[PlyCount "43"]
[EventDate "2013.??.??"]
[WhiteTeam "Ottonen Magdeburg"]
[BlackTeam "Turku"]

1. e4 e5 2. Bc4 Nc6 3. Nf3 Be7 4. c3 Nf6 5. O-O O-O 6. d4 d6 7. d5 Nb8 8. Re1
Bg4 9. h3 Bh5 10. Nbd2 Nbd7 11. b4 c6 12. Bb3 a5 13. dxc6 bxc6 14. Nc4 axb4 15.
cxb4 d5 16. Na5 Qb6 17. Be3 d4 18. Bd2 c5 19. Nc4 Qb8 20. bxc5 Bxc5 21. Ba4 Rc8
22. Qb3 1/2-1/2

[Event "?"]
[Site "?"]
[Date "????.??.??"]
[Round "?"]
[White "Rantanen, V."]
[Black "Graßmann, H."]
[Result "1/2-1/2"]
[WhiteElo "1917"]
[BlackElo "1941"]
[Annotator "112"]
[PlyCount "28"]
[EventDate "2013.??.??"]
[WhiteTeam "Turku"]
[BlackTeam "Ottonen Magdeburg"]

1. c4 e5 2. Nc3 Nf6 3. Nf3 Nc6 4. g3 d5 5. cxd5 Nxd5 6. d3 Bb4 7. Bd2 Be6 8.
Bg2 O-O 9. O-O f6 10. Nxd5 Bxd5 11. a3 Bxd2 12. Qxd2 Bxf3 13. Bxf3 Rb8 14. Bxc6
bxc6 1/2-1/2

[Event "?"]
[Site "?"]
[Date "????.??.??"]
[Round "?"]
[White "Van Geffen, B."]
[Black "Schutze, H."]
[Result "0-1"]
[WhiteElo "2096"]
[BlackElo "2070"]
[Annotator "113"]
[PlyCount "92"]
[EventDate "2013.??.??"]
[WhiteTeam "Niederlande"]
[BlackTeam "Dänemark 2"]

1. e4 c5 2. Nf3 Nc6 3. d4 cxd4 4. Nxd4 Nf6 5. Nc3 a6 6. Nxc6 dxc6 7. Qxd8+ Kxd8
8. Bc4 e6 9. Be3 b5 10. Bd3 e5 11. O-O-O Kc7 12. f3 Bb4 13. Bd2 Bc5 14. g4 Be6
15. h4 a5 16. Rde1 a4 17. a3 Rhb8 18. Kd1 b4 19. axb4 Rxb4 20. Bc1 Bd4 21. Kd2
Nd7 22. Nd1 Rbb8 23. c3 Bc5 24. Ne3 Bxe3+ 25. Kxe3 Nc5 26. Bc2 Bb3 27. Bb1 Rd8
28. Rh2 Rd7 29. Rd2 Rad8 30. Rxd7+ Rxd7 31. Bd2 Ne6 32. Bd3 Nf4 33. Bf1 Kb6 34.
c4 Kc5 35. Bc3 f6 36. Rc1 Rd1 37. Rxd1 Bxd1 38. Ba5 Bb3 39. Kd2 Bxc4 40. Bxc4
Kxc4 41. h5 Ne6 42. Bc3 Kb3 43. Kd3 h6 44. Kd2 c5 45. Kc1 a3 46. Kb1 a2+ 0-1

[Event "?"]
[Site "?"]
[Date "????.??.??"]
[Round "?"]
[White "Poulsen, H."]
[Black "Holscher, P."]
[Result "0-1"]
[WhiteElo "1853"]
[BlackElo "2085"]
[Annotator "114"]
[PlyCount "46"]
[EventDate "2013.??.??"]
[WhiteTeam "Dänemark 2"]
[BlackTeam "Niederlande"]

1. c4 f5 2. d4 g6 3. g3 Nf6 4. Bg2 Bg7 5. Nc3 d6 6. Nf3 O-O 7. O-O c6 8. Qc2
Na6 9. e4 fxe4 10. Nxe4 Bf5 11. Nxf6+ Bxf6 12. Qb3 Qb6 13. Qxb6 axb6 14. Bd2
Nc7 15. b3 b5 16. Rfc1 Be4 17. Bc3 b4 18. Bb2 Bxf3 19. Bxf3 Bg5 20. Kg2 Bxc1
21. Bxc1 Ra5 22. Bd2 Raf5 23. Bxb4 Rxf3 0-1

[Event "?"]
[Site "?"]
[Date "????.??.??"]
[Round "?"]
[White "Van Duijn, R."]
[Black "Thygesen, E."]
[Result "1-0"]
[WhiteElo "2021"]
[BlackElo "2105"]
[Annotator "115"]
[PlyCount "67"]
[EventDate "2013.??.??"]
[WhiteTeam "Niederlande"]
[BlackTeam "Dänemark 2"]

1. e4 c5 2. a3 Nc6 3. b4 b6 4. b5 Nd4 5. c3 Ne6 6. d4 cxd4 7. cxd4 Bb7 8. Nc3
Nf6 9. f3 Qc7 10. Bb2 Qf4 11. Nh3 Qh4+ 12. g3 Qh5 13. Bg2 g5 14. Nf2 Qg6 15.
O-O h5 16. d5 Nc5 17. e5 Nh7 18. Nce4 Bg7 19. Rc1 d6 20. Nxc5 bxc5 21. Ne4 g4
22. f4 h4 23. Rc2 f5 24. exf6 Nxf6 25. Ng5 hxg3 26. hxg3 Qf5 27. Ne6 Kf7 28.
Nxg7 Kxg7 29. Re2 Kf7 30. Rfe1 Rae8 31. Rd2 Rh5 32. Bxf6 Kxf6 33. Re6+ Kf7 34.
Be4 1-0

[Event "?"]
[Site "?"]
[Date "????.??.??"]
[Round "?"]
[White "Nielsen, P."]
[Black "Munninghoff, A."]
[Result "0-1"]
[WhiteElo "1753"]
[BlackElo "1945"]
[Annotator "116"]
[PlyCount "52"]
[EventDate "2013.??.??"]
[WhiteTeam "Dänemark 2"]
[BlackTeam "Niederlande"]

1. d4 Nf6 2. c4 c5 3. d5 b5 4. cxb5 a6 5. Nc3 axb5 6. Nxb5 d6 7. Bg5 Ne4 8. Qc1
Bb7 9. f3 Qa5+ 10. Nc3 Nxc3 11. bxc3 Bxd5 12. e4 Be6 13. Be2 g6 14. Bd2 Qc7 15.
Bb5+ Bd7 16. Bxd7+ Nxd7 17. c4 Bg7 18. Bc3 Ne5 19. Qc2 O-O 20. Bxe5 Bxe5 21.
Rd1 Qa5+ 22. Kf2 Qxa2 23. Qe2 Rfb8 24. Rd2 Qa1 25. Rd1 Qa5 26. Nh3 Rb2 0-1

[Event "?"]
[Site "?"]
[Date "????.??.??"]
[Round "?"]
[White "Niebuhr, G."]
[Black "Kempe, R."]
[Result "1/2-1/2"]
[WhiteElo "2072"]
[BlackElo "1885"]
[Annotator "117"]
[PlyCount "86"]
[EventDate "2013.??.??"]
[WhiteTeam "FB Niedersachsen"]
[BlackTeam "VS Seniorenschachklub DD"]

1. d4 Nf6 2. c4 g6 3. Nc3 Bg7 4. e4 d6 5. f3 O-O 6. Bg5 h6 7. Be3 e5 8. d5 a5
9. Qd2 Kh7 10. Bd3 Na6 11. Nce2 Ng8 12. h4 f5 13. h5 f4 14. hxg6+ Kxg6 15. Bf2
Nc5 16. O-O-O Bf6 17. Bxc5 dxc5 18. Nxf4+ exf4 19. e5+ Kg7 20. exf6+ Qxf6 21.
Be4 Bd7 22. Qf2 a4 23. Qxc5 a3 24. Qd4 axb2+ 25. Kxb2 Ra5 26. Bc2 b5 27. c5 b4
28. Ne2 Qxd4+ 29. Rxd4 Ne7 30. Bb3 Bf5 31. Rc1 Rd8 32. g4 fxg3 33. Nxg3 Bg6 34.
Re1 Rd7 35. Rc1 Kf6 36. d6 Ke5 37. Rxb4 cxd6 38. Re1+ Kf6 39. Re6+ Kg7 40. Rxd6
Rc7 41. c6 Rxc6 42. Rd7 Kf6 43. Rf4+ Nf5 1/2-1/2

[Event "?"]
[Site "?"]
[Date "????.??.??"]
[Round "?"]
[White "Bisse, V."]
[Black "Jürgens, P."]
[Result "1-0"]
[WhiteElo "1967"]
[BlackElo "2023"]
[Annotator "118"]
[PlyCount "97"]
[EventDate "2013.??.??"]
[WhiteTeam "VS Seniorenschachklub DD"]
[BlackTeam "FB Niedersachsen"]

1. e4 e6 2. d4 d5 3. e5 c5 4. c3 Nc6 5. Nf3 Qb6 6. Be2 cxd4 7. cxd4 Nge7 8. Na3
Nf5 9. Nc2 Be7 10. O-O Bd7 11. b3 Rc8 12. Bb2 O-O 13. Rc1 Nb4 14. Nxb4 Bxb4 15.
g4 Nh6 16. h3 Kh8 17. Bd3 Bb5 18. Qe2 a6 19. Ng5 g6 20. Bxb5 Qxb5 21. Qf3 Qd7
22. Qe3 Kg7 23. f4 Rxc1 24. Bxc1 Ng8 25. Qd3 h6 26. Nf3 Rc8 27. Bb2 Qb5 28.
Qxb5 axb5 29. Rc1 Rxc1+ 30. Bxc1 Ne7 31. Kf2 Nc6 32. Ke3 f5 33. exf6+ Kxf6 34.
Kd3 Bf8 35. Bd2 b4 36. Ne5 Nxe5+ 37. dxe5+ Kf7 38. Be3 Ke8 39. f5 gxf5 40. gxf5
Kd7 41. f6 Ke8 42. Bb6 Kd7 43. Ke2 Kc6 44. Bd4 Kd7 45. Kf3 Ke8 46. Kg4 Kf7 47.
Kh5 b5 48. Be3 Kg8 49. Kg6 1-0

[Event "?"]
[Site "?"]
[Date "????.??.??"]
[Round "?"]
[White "Hellwege, W."]
[Black "Guenther, E."]
[Result "1/2-1/2"]
[WhiteElo "2033"]
[BlackElo "2032"]
[Annotator "119"]
[PlyCount "46"]
[EventDate "2013.??.??"]
[WhiteTeam "FB Niedersachsen"]
[BlackTeam "VS Seniorenschachklub DD"]

1. d4 Nf6 2. Nf3 d5 3. c4 e6 4. g3 c5 5. cxd5 Nxd5 6. Bg2 Nb6 7. O-O Nc6 8. Be3
Nc4 9. b3 Nxe3 10. fxe3 Be7 11. Nc3 Bd7 12. Rc1 Rc8 13. Ne4 cxd4 14. exd4 O-O
15. Nc5 b6 16. Nxd7 Qxd7 17. e3 Nb4 18. Qe2 Rxc1 19. Rxc1 Rc8 20. Rc4 Rxc4 21.
Qxc4 Qc6 22. Qxc6 Nxc6 23. Nd2 Nb4 1/2-1/2

[Event "?"]
[Site "?"]
[Date "????.??.??"]
[Round "?"]
[White "Kothe, H."]
[Black "Fritsch, J."]
[Result "1/2-1/2"]
[WhiteElo "1754"]
[BlackElo "1958"]
[Annotator "120"]
[PlyCount "39"]
[EventDate "2013.??.??"]
[WhiteTeam "VS Seniorenschachklub DD"]
[BlackTeam "FB Niedersachsen"]

1. e4 e5 2. Nf3 Nc6 3. Bb5 Bc5 4. O-O Nge7 5. c3 O-O 6. d4 exd4 7. cxd4 Bb6 8.
d5 a6 9. Bc4 Na7 10. Nc3 d6 11. h3 Ng6 12. Qe2 Bd7 13. Be3 Nc8 14. Rad1 Qe7 15.
Rfe1 Bxe3 16. Qxe3 Nb6 17. Bb3 Rfe8 18. Qd4 Ne5 19. Nxe5 dxe5 20. Qd3 1/2-1/2

[Event "?"]
[Site "?"]
[Date "????.??.??"]
[Round "?"]
[White "Hampel, J."]
[Black "Weichelt, S."]
[Result "1-0"]
[WhiteElo "2137"]
[BlackElo "1649"]
[Annotator "121"]
[PlyCount "61"]
[EventDate "2013.??.??"]
[WhiteTeam "Dresdner Springer"]
[BlackTeam "SK Heidenau"]

1. d4 Nf6 2. c4 g6 3. Nc3 Bg7 4. e4 d6 5. Be2 O-O 6. Bg5 a6 7. Qd2 Nbd7 8. Nf3
c5 9. d5 Ng4 10. O-O Rb8 11. a4 Nde5 12. Nxe5 Bxe5 13. h3 Nf6 14. Bd3 Nh5 15.
Ne2 Bg7 16. f4 f5 17. exf5 gxf5 18. Rae1 Qe8 19. Nc3 Rf7 20. Qd1 Bd4+ 21. Kh2
Nf6 22. Qc2 Nh5 23. Re2 Rg7 24. Bxf5 Rxg5 25. fxg5 Be5+ 26. Rxe5 dxe5 27. Bxh7+
Kg7 28. Bf5 e6 29. dxe6 Bxe6 30. Qe4 Bf7 31. Nd5 1-0

[Event "?"]
[Site "?"]
[Date "????.??.??"]
[Round "?"]
[White "Kluge, J."]
[Black "Zöphel, H."]
[Result "1/2-1/2"]
[WhiteElo "1438"]
[BlackElo "2059"]
[Annotator "122"]
[PlyCount "118"]
[EventDate "2013.??.??"]
[WhiteTeam "SK Heidenau"]
[BlackTeam "Dresdner Springer"]

1. e4 e5 2. f4 exf4 3. Nf3 Nf6 4. e5 Nh5 5. Be2 Nc6 6. O-O d5 7. d4 g6 8. c4
Be6 9. Nc3 Be7 10. Ne1 Ng7 11. Bxf4 Nf5 12. Nf3 g5 13. cxd5 Bxd5 14. Nxg5 Bxg5
15. Nxd5 Qxd5 16. Bxg5 Nfxd4 17. Bf3 Nxf3+ 18. Qxf3 Qxf3 19. Rxf3 Rg8 20. Bh4
Rg4 21. Bf6 Kd7 22. Rh3 Rag8 23. g3 Re4 24. Rxh7 Ke6 25. Rf1 Nd4 26. Rh8 Rxh8
27. Bxh8 Nf5 28. Rd1 Nd4 29. h4 c5 30. h5 Nf3+ 31. Kf2 Nd4 32. Kg2 Kf5 33. h6
Re2+ 34. Kh3 Kg5 35. Bg7 Kg6 36. Rf1 Ne6 37. Rf6+ Kh7 38. Kh4 Nxg7 39. hxg7
Kxg7 40. Rf5 c4 41. Rf4 b5 42. Rf5 Rxb2 43. Rf3 Re2 44. Ra3 Rxe5 45. Rxa7 Rc5
46. Rd7 c3 47. Rd1 b4 48. Rc1 Ra5 49. Rc2 Rxa2 50. Rxa2 b3 51. Ra3 c2 52. Rxb3
c1=Q 53. Rb4 Qh1+ 54. Kg4 Qd1+ 55. Kh4 Qd8+ 56. Kh3 Qd7+ 57. Rg4+ Kh6 58. Kh4
Qf5 59. Kh3 Kh5 1/2-1/2